Big Data, Black Book: Covers Hadoop 2, MapReduce, Hive, YARN, Pig, R and Data Visualizat (Record no. 8449)
[ view plain ]
| 000 -LEADER | |
|---|---|
| fixed length control field | 00340nam a22001097a 4500 |
| 008 - FIXED-LENGTH DATA ELEMENTS--GENERAL INFORMATION | |
| fixed length control field | 200131b ||||| |||| 00| 0 eng d |
| 020 ## - INTERNATIONAL STANDARD BOOK NUMBER | |
| International Standard Book Number | 978-9351199311 |
| 100 ## - MAIN ENTRY--PERSONAL NAME | |
| Personal name | DT Editorial Services |
| 245 ## - TITLE STATEMENT | |
| Title | Big Data, Black Book: Covers Hadoop 2, MapReduce, Hive, YARN, Pig, R and Data Visualizat |
| 250 ## - EDITION STATEMENT | |
| Edition statement | 1008p |
| 260 ## - PUBLICATION, DISTRIBUTION, ETC. (IMPRINT) | |
| Name of publisher, distributor, etc | Dreamtech Press |
| Date of publication, distribution, etc | 2018 |
| Withdrawn status | Lost status | Source of classification or shelving scheme | Damaged status | Koha normalized classification for sorting | Not for loan | Koha collection | Location (home branch) | Sublocation or collection (holding branch) | Shelving location | Date acquired | Source of acquisition | Currency | Cost, normal purchase price | Bill Number | Koha issues (times borrowed) | Koha full call number | Piece designation (barcode) | Koha date last seen | Copy number | Actual Cost, discounted price | Bill Date | Koha item type |
|---|---|---|---|---|---|---|---|---|---|---|---|---|---|---|---|---|---|---|---|---|---|---|
| Dewey Decimal Classification | 005_133000000000000_HIB | B.Tech(CSE) | PIET C-LIBRARY | PIET C-LIBRARY | New Arrival Sec. N02 | 31/01/2020 | KIRTI PRAKASHAN NEW DELHI | IN Rupees | 999.00 | IN5960 | 005.133 HIB | 31625 | 31/01/2020 | 1 | 679.32 | 03/01/2020 | Reference Books |